[Event "WJun Girls"]
[Site "Yerevan ARM"]
[Date "2006.10.06"]
[Round "4"]
[White "Solic,K"]
[Black "Alaverdyan,L"]
[Result "1/2-1/2"]
[WhiteElo "2129"]
[BlackElo "1954"]
[EventDate "2006.10.03"]

1. e4 c5 2. Nf3 Nc6 3. d4 cxd4 4. Nxd4 g6 5. c4 Bg7 6. Be3 Nf6 7. Nc3 Ng4
8. Qxg4 Nxd4 9. Qd1 Ne6 10. Be2 O-O 11. O-O d6 12. Qd2 a5 13. Rad1 b6 14.
f4 Nc5 15. e5 Be6 16. exd6 exd6 17. Qxd6 Qxd6 18. Rxd6 Bxc3 19. bxc3 Ne4
20. Rxe6 fxe6 21. Bf3 Nxc3 22. Bxa8 Rxa8 23. Bxb6 Nxa2 24. Ra1 Nb4 25. Rxa5
Rxa5 26. Bxa5 Nc6 27. Bc3 Kf7 28. Kf2 Ke7 29. c5 Kd7 30. Kf3 Ke7 31. Ke4
Nb8 32. Be5 Nc6 33. Bd6+ Ke8 34. g4 Kf7 35. h4 Ke8 36. f5 gxf5+ 37. gxf5
exf5+ 38. Kxf5 Kf7 39. h5 Nd4+ 40. Ke5 Nc6+ 41. Kd5 Nb4+ 42. Kc4 Nc6 43.
Kb5 Nd4+ 44. Kb6 Ke6 45. c6 Nxc6 46. Kxc6 h6 47. Bf4 Kf5 48. Bxh6 Kg4
1/2-1/2

[Event "WJun Girls"]
[Site "Yerevan ARM"]
[Date "2006.10.06"]
[Round "4"]
[White "Mikadze,M"]
[Black "Marchadour,E"]
[Result "1-0"]
[WhiteElo "2229"]
[BlackElo "2091"]
[EventDate "2006.10.03"]

1. e4 c5 2. Nf3 e6 3. c3 b6 4. d4 Bb7 5. Bd3 cxd4 6. cxd4 Nf6 7. Nc3 Bb4 8.
Qe2 d5 9. exd5 Nxd5 10. O-O Nc6 11. Bd2 Nf6 12. Rad1 O-O 13. Bg5 Be7 14.
Rfe1 Nb4 15. Bb1 Nbd5 16. Ne5 Rc8 17. Qd3 g6 18. Qh3 Nxc3 19. bxc3 Nd5 20.
Bd2 Bg5 21. Bxg5 Qxg5 22. c4 Nc3 23. f4 Qxf4 24. Qxc3 f6 25. Rf1 Qg5 26.
Nf3 Qg4 27. h3 Qg3 28. Qe1 Qd6 29. Qe2 Rfe8 30. Rd2 e5 31. dxe5 Qc5+ 32.
Qf2 fxe5 33. Rd7 Ba6 34. Qxc5 Rxc5 35. Nd2 Bxc4 36. Nxc4 Rxc4 37. Bd3 Rc3
38. Be4 Rc5 39. Bd5+ Kh8 40. Rff7 1-0

[Event "WJun Girls"]
[Site "Yerevan ARM"]
[Date "2006.10.06"]
[Round "4"]
[White "Hemmatizadeh,N"]
[Black "Papadopoulou,V"]
[Result "0-1"]
[WhiteElo "1914"]
[BlackElo "2246"]
[EventDate "2006.10.03"]

1. c4 e5 2. Nc3 Bb4 3. Nf3 Nc6 4. g3 Bxc3 5. dxc3 d6 6. e4 Nge7 7. Bg2 O-O
8. O-O f5 9. exf5 Bxf5 10. Re1 Qd7 11. c5 Bg4 12. cxd6 cxd6 13. Qd3 Rad8
14. Ng5 Bf5 15. Be4 h6 16. Bxf5 Rxf5 17. Ne4 d5 18. Nc5 Qc8 19. Be3 e4 20.
Qd2 Ne5 21. Kg2 Nf3 22. Qc2 Rh5 23. h4 Nxh4+ 24. Kf1 Nf3 25. Red1 Qg4 26.
Nxe4 Rf8 27. Qa4 dxe4 28. Qb3+ Kh8 29. Qa4 b5 30. Qxa7 Rh1+ 31. Ke2 Nd4+
0-1

[Event "WJun Girls"]
[Site "Yerevan ARM"]
[Date "2006.10.06"]
[Round "4"]
[White "Rudolf,An"]
[Black "Mnatsakanyan,D"]
[Result "1-0"]
[WhiteElo "2265"]
[BlackElo "1939"]
[EventDate "2006.10.03"]

1. e4 e6 2. d4 d5 3. Nd2 dxe4 4. Nxe4 Nf6 5. Nxf6+ Qxf6 6. Nf3 h6 7. Bd3 c5
8. Be3 Nd7 9. O-O Bd6 10. Bb5 b6 11. Bc6 Rb8 12. Qd2 c4 13. b3 cxb3 14.
axb3 a5 15. Ne5 Ke7 16. Nc4 Bc7 17. d5 exd5 18. Bxd5 Rd8 19. Qe2 Kf8 20.
Qf3 Qxf3 21. Bxf3 Ba6 22. Rfd1 Bxc4 23. bxc4 Ne5 24. Be2 Ke7 25. f4 Nc6 26.
c3 Rxd1+ 27. Rxd1 Rd8 28. Rb1 Rb8 29. g3 Na7 30. Kf2 Nc8 31. c5 f6 32. Bg4
b5 33. Rd1 Kf8 34. Rd7 b4 35. cxb4 axb4 36. Rxc7 Ne7 37. c6 b3 38. Bc5 b2
39. Bxe7+ Kg8 40. Be6+ Kh8 41. Bf5 b1=Q 42. Bxb1 Rxb1 43. Rc8+ Kh7 44. c7
1-0

[Event "WJun Girls"]
[Site "Yerevan ARM"]
[Date "2006.10.06"]
[Round "4"]
[White "Savurko,A"]
[Black "Kalashyan,V"]
[Result "0-1"]
[WhiteElo "2168"]
[BlackElo "2026"]
[EventDate "2006.10.03"]

1. d4 Nf6 2. c4 e6 3. Nf3 b6 4. g3 Ba6 5. b3 Bb4+ 6. Bd2 Be7 7. Bg2 c6 8.
Bc3 d5 9. Ne5 Nfd7 10. Nxd7 Nxd7 11. Nd2 O-O 12. O-O Rc8 13. e4 b5 14. exd5
cxd5 15. c5 b4 16. Bxb4 Bxf1 17. Qxf1 e5 18. Rc1 exd4 19. Qb5 Ne5 20. Ba5
Qe8 21. Qxe8 Rfxe8 22. b4 Bd8 23. Bxd8 Rexd8 24. Bf1 a5 25. b5 Nc4 26. Bxc4
Rxc5 27. Nb3 Rxc4 28. Rd1 Rdc8 29. Kg2 Rb4 30. Nxd4 Rcc4 31. Nf5 g6 32. Nd6
Rd4 33. Rc1 Rd2 34. Rc8+ Kg7 35. Rc7 Kf6 36. Rc6 Ke7 37. Nc8+ Kf8 38. b6
Rdb2 39. a3 Rc4 40. Rxc4 dxc4 41. Kf3 c3 42. Ke3 Ke8 43. Nd6+ Kd7 44. Nc4
Kc6 45. Nxa5+ Kb5 46. Nb7 Rd2 0-1

[Event "WJun Girls"]
[Site "Yerevan ARM"]
[Date "2006.10.06"]
[Round "4"]
[White "Hamrakulova,Y"]
[Black "Muhren,B"]
[Result "0-1"]
[WhiteElo "2209"]
[BlackElo "2336"]
[EventDate "2006.10.03"]

1. Nf3 d5 2. d4 Nf6 3. e3 c5 4. c4 dxc4 5. Bxc4 e6 6. O-O a6 7. Bb3 b5 8.
Qe2 Bb7 9. Rd1 Qc7 10. a4 b4 11. Nbd2 Nc6 12. Nc4 Rd8 13. a5 Be7 14. Nfe5
O-O 15. Nxc6 Bxc6 16. Ne5 Bb5 17. Bc4 Ne4 18. Bxb5 axb5 19. f3 Nd6 20. Bd2
Nf5 21. Qxb5 cxd4 22. Nc6 Rd5 23. Nxe7+ Qxe7 24. Qxb4 Qxb4 25. Bxb4 Rb8 26.
e4 Rdb5 27. exf5 Rxb4 28. fxe6 fxe6 29. a6 e5 30. a7 Ra8 31. Re1 Rb7 32.
Rxe5 Raxa7 33. Rxa7 Rxa7 34. Rd5 Ra4 35. Rd7 Rb4 36. h4 Kf8 0-1

[Event "WJun Girls"]
[Site "Yerevan ARM"]
[Date "2006.10.06"]
[Round "4"]
[White "Karavade,E"]
[Black "Darbinyan,A"]
[Result "1/2-1/2"]
[WhiteElo "2321"]
[BlackElo "2102"]
[EventDate "2006.10.03"]

1. Nf3 Nf6 2. c4 c5 3. Nc3 d5 4. cxd5 Nxd5 5. g3 Nc6 6. Bg2 Nc7 7. O-O e5
8. d3 Be7 9. Nd2 Bd7 10. Nc4 f6 11. f4 b5 12. Ne3 exf4 13. gxf4 Rc8 14.
Ned5 Nxd5 15. Nxd5 Be6 16. Nc3 Qb6 17. Be3 O-O 18. a4 b4 19. Ne4 f5 20. Ng5
Bxg5 21. fxg5 Nd4 22. Rc1 Nb3 23. Rb1 Qa5 24. Qc2 Rf7 25. Rf4 Qxa4 26. Rbf1
Qd7 27. Rc4 Nd4 28. Bxd4 Bxc4 29. Qxc4 cxd4 30. Qxb4 Rff8 31. Rf4 Rc1+ 32.
Kf2 Rd8 33. Bf3 Qe6 34. Kg2 Rg1+ 35. Kxg1 Qe3+ 36. Kg2 Qxf4 37. Qe7 Rb8 38.
Qxa7 Qxg5+ 39. Kf2 Qe3+ 40. Kg2 Qg5+ 41. Kf2 Qf4 42. Kg2 Rxb2 43. Qe7 Rb8
44. h4 h6 45. Qe6+ Kh8 46. h5 Qg5+ 47. Kh3 Qf4 48. Kg2 Qg5+ 49. Kh3 Rb1 50.
Qe8+ Kh7 51. Qe5 Rg1 52. Kh2 Rg4 53. Bxg4 Qxg4 54. Qe8 Qf4+ 55. Kg2 Qg4+
56. Kf2 Qh4+ 57. Kg2 Qg5+ 58. Kf2 Qg4 59. Kf1 Qg3 60. Qf7 Qf4+ 61. Kg2 Qg4+
62. Kf2 f4 63. Qd5 Qh4+ 64. Kf1 Qh3+ 65. Ke1 Qg3+ 66. Kf1 Qe3 67. Qf7 Qe5
68. Kf2 Qe3+ 69. Kf1 Qh3+ 70. Kf2 Qg4 71. Qd5 1/2-1/2

[Event "WJun Girls"]
[Site "Yerevan ARM"]
[Date "2006.10.06"]
[Round "4"]
[White "Perez Rodriguez,Je"]
[Black "Dolgova,O"]
[Result "1/2-1/2"]
[WhiteElo "2250"]
[BlackElo "2259"]
[EventDate "2006.10.03"]

1. d4 Nf6 2. Nf3 c5 3. c3 e6 4. e3 d5 5. Bd3 Nc6 6. Ne5 Nxe5 7. dxe5 Nd7 8.
f4 Qb6 9. O-O Be7 10. Kh1 Qc6 11. Nd2 b6 12. e4 Bb7 13. Qg4 g6 14. exd5
exd5 15. Nf3 O-O-O 16. h3 Kb8 17. Bd2 Ka8 18. Rae1 Nf8 19. Ng5 Bxg5 20.
Qxg5 Ne6 21. Qf6 d4 22. Be4 Qc7 23. cxd4 Nxd4 24. Bc3 Bxe4 25. Rxe4 Nf5 26.
Kh2 Rhe8 27. e6 fxe6 28. Rxe6 Rxe6 29. Qxe6 Qd7 30. Qe4+ Qd5 31. Re1 Qxe4
32. Rxe4 Rd7 33. g4 Nd6 34. Re2 Nb5 35. Bf6 Kb7 36. Kg2 Kc6 37. Kf3 Rd3+
38. Re3 Rd7 39. h4 Nd4+ 40. Ke4 Nb5 41. f5 Nd6+ 42. Kf4 gxf5 43. gxf5 Nf7
44. Bc3 Rd1 45. f6 Rd5 46. Re7 Rd7 47. Re8 b5 48. a3 b4 49. axb4 cxb4 50.
Bxb4 Rd4+ 51. Re4 Kd5 52. Rxd4+ Kxd4 53. Kf5 Kd5 54. Bf8 Ne5 55. f7 Nxf7
56. Kf6 Nd8 57. Ke7 Ne6 58. Bh6 Ke5 59. Be3 a6 60. h5 Ng7 61. Kd7 Nxh5 62.
Kc6 Nf6 63. Bd2 Ne4 64. Be1 Kd4 65. Kb6 Kc4 66. Kxa6 Kb3 1/2-1/2

[Event "WJun Girls"]
[Site "Yerevan ARM"]
[Date "2006.10.06"]
[Round "4"]
[White "Prismontaite,R"]
[Black "Videnova,I"]
[Result "0-1"]
[WhiteElo "1963"]
[BlackElo "2141"]
[EventDate "2006.10.03"]

1. d4 c5 2. d5 g6 3. c4 Bg7 4. e4 d6 5. Nc3 e6 6. f4 exd5 7. cxd5 a6 8. a4
Ne7 9. Nf3 O-O 10. Be2 Nd7 11. O-O f5 12. e5 dxe5 13. d6 Nc6 14. Bc4+ Kh8
15. Ng5 Nd4 16. Nf7+ Rxf7 17. Bxf7 Qf6 18. Ba2 Qxd6 19. Ne2 b5 20. Nxd4
Qxd4+ 21. Qxd4 exd4 22. Bd5 Rb8 23. axb5 axb5 24. Ra7 Nf6 25. Re1 Bd7 26.
Re7 Rd8 27. Bc6 Bxc6 28. Rxg7 Rd7 29. Rgxd7 Bxd7 30. Kf1 Kg8 31. Rc7 c4 32.
b3 Be6 33. bxc4 bxc4 34. Ke2 Bd7 35. Rb7 Be6 36. Rb8+ Kf7 37. Rd8 Nd5 38.
g3 Ke7 39. Ra8 Nc3+ 40. Ke1 Ne4 41. Ke2 d3+ 42. Ke3 Bd7 43. Ra6 Bb5 44. Rb6
Ba4 45. Rb7+ Kd8 46. Rxh7 Bc2 47. Rh8+ Kd7 48. Rh7+ Ke6 49. Rh8 c3 50. Rd8
d2 51. Bxd2 cxd2 52. Rxd2 Nxd2 53. Kxd2 Ba4 54. Ke3 Kd5 55. h3 Bb5 56. g4
Bf1 57. gxf5 gxf5 58. h4 Ke6 59. Kf2 Bh3 60. h5 Kf6 61. Kg3 Bg4 62. Kh4 Bd1
63. h6 Kg6 64. h7 Kxh7 65. Kg5 Bc2 0-1

[Event "WJun Girls"]
[Site "Yerevan ARM"]
[Date "2006.10.06"]
[Round "4"]
[White "Hoang Thi Bao Tram"]
[Black "Kharatyan,A"]
[Result "1-0"]
[WhiteElo "2345"]
[BlackElo "2070"]
[EventDate "2006.10.03"]

1. e4 e5 2. Nf3 d6 3. d4 Nd7 4. Bc4 c6 5. a4 Be7 6. O-O Ngf6 7. Nc3 O-O 8.
a5 h6 9. Re1 Nh7 10. Be3 Rb8 11. Bb3 b5 12. dxe5 dxe5 13. Bxa7 Rb7 14. Be3
Qc7 15. a6 Rb8 16. Nd5 cxd5 17. Bxd5 Rb6 18. a7 Bb7 19. Bxb7 Qxb7 20. a8=Q
Rxa8 21. Rxa8+ Qxa8 22. Qxd7 Rb7 23. Qc6 f6 24. Nh4 Ng5 25. Nf5 Bf8 26. h4
Nf7 27. Bc5 Rb8 28. Qxa8 Rxa8 29. Bxf8 Kxf8 30. Re3 g6 31. Ng3 Ra1+ 32. Kh2
Rc1 33. Rc3 Nd6 34. f3 Nc4 35. b3 Na3 36. Rc6 Kf7 37. Ra6 Nb1 38. Ra1 h5
39. c4 bxc4 40. bxc4 Ke7 41. c5 Rd1 42. c6 Rc1 43. c7 Kd7 44. Ra6 Rxc7 45.
Rxf6 Rc6 46. Rf8 Ke7 47. Ra8 Nd2 48. Ra2 Nc4 49. Ne2 Ne3 50. Ra3 Nc2 51.
Rb3 Ke6 52. Kg3 Nd4 53. Nxd4+ exd4 54. Kf4 Rd6 55. e5 Rc6 56. Ke4 Ra6 57.
g3 Ra1 58. f4 Rd1 59. Rd3 Rxd3 60. Kxd3 Kd5 61. Ke2 Kc5 62. Kd3 Kd5 63. e6
Kxe6 64. Kxd4 Kf5 65. Ke3 Ke6 66. Ke4 Kf6 67. f5 g5 68. hxg5+ Kxg5 69. Ke5
Kg4 70. f6 Kxg3 71. f7 h4 72. f8=Q h3 73. Qf1 Kh2 74. Ke4 Kg3 75. Qg1+ 1-0

[Event "WJun Girls"]
[Site "Yerevan ARM"]
[Date "2006.10.06"]
[Round "4"]
[White "Darbinian,N"]
[Black "Arutyunova,D"]
[Result "1-0"]
[WhiteElo "2079"]
[BlackElo "2362"]
[EventDate "2006.10.03"]

1. Nf3 d6 2. d4 f5 3. c4 Nf6 4. g3 e6 5. Bg2 Be7 6. O-O O-O 7. Nc3 Ne4 8.
Qc2 Nxc3 9. Qxc3 a5 10. b3 Bf6 11. Bb2 Nc6 12. Qc2 e5 13. dxe5 dxe5 14.
Rad1 Qe8 15. e4 Qh5 16. Ne1 f4 17. Bf3 Qh6 18. Qe2 Bh3 19. Bg2 Be6 20. Nd3
g5 21. Bf3 Bg7 22. Bg4 Kh8 23. Bxe6 f3 24. Qe3 Qxe6 25. Qxg5 Rad8 26. Qh5
Qe7 27. Nc1 Nd4 28. Bxd4 exd4 29. Rfe1 Rd6 30. Nd3 Rh6 31. Qg4 Rg6 32. Qh5
Qe6 33. Nc5 Qc8 34. h3 Rf4 35. Nd3 Rh6 36. Nxf4 Rxh5 37. Nxh5 Qxh3 38. Nf4
Qg4 39. e5 Bf8 40. e6 Be7 41. Rxd4 h5 42. Re5 h4 43. Rh5+ Kg8 44. Rh6 Qf5
45. Rg6+ Kf8 46. Rd5 Qb1+ 47. Kh2 Bd6 48. Rf6+ Ke8 49. Rg5 Bxf4 50. Rxf4
Qf1 51. gxh4 Qxf2+ 52. Kh3 Qf1+ 53. Kg4 f2 54. Rgf5 Qd1+ 55. Kg5 Qg1+ 56.
Kh5 Qd1+ 57. Kh6 Qc1 58. Kh7 Qh1 59. h5 Ke7 60. Rxf2 Kxe6 61. Rf6+ Ke7 62.
Rf7+ Ke8 63. h6 Qe4+ 64. Kh8 Qd4+ 65. R2f6 Qe5 66. h7 Qg5 67. Rf8+ Kd7 68.
R6f7+ Kc6 69. Rg7 Qe5 70. Rc8 Kb6 71. Rcxc7 Qe8+ 72. Rg8 Qe5+ 73. Rcg7 Kc5
74. Rd8 Kb4 75. Kg8 Qe6+ 76. Rf7 Qg6+ 77. Kf8 Qh6+ 78. Ke7 Qe3+ 79. Kd7
Qd4+ 80. Kc8 Qg4+ 1-0

[Event "WJun Girls"]
[Site "Yerevan ARM"]
[Date "2006.10.06"]
[Round "4"]
[White "Pourkashiyan,A"]
[Black "Priya,P"]
[Result "1/2-1/2"]
[WhiteElo "2330"]
[BlackElo "2128"]
[EventDate "2006.10.03"]

1. e4 e5 2. Nf3 Nf6 3. Nxe5 d6 4. Nf3 Nxe4 5. Nc3 Nxc3 6. dxc3 Be7 7. Bf4
Nd7 8. Qd2 O-O 9. O-O-O Nc5 10. h4 Bg4 11. Be2 Re8 12. Be3 Bf6 13. Bxc5
dxc5 14. Qf4 Qc8 15. Bd3 a6 16. Rdg1 b5 17. Ng5 h6 18. f3 Be6 19. g4 Bd5
20. Bh7+ Kh8 21. Be4 Bxe4 22. Nxe4 Qe6 23. Kb1 Be5 24. Qe3 c4 25. g5 h5 26.
g6 f6 27. Re1 Qf5 28. Rhg1 a5 29. Qc5 Rab8 30. Qc6 Qe6 31. Qc5 Qf5 32. Qc6
Qe6 33. Qc5 Qf5 34. a3 Qf4 35. Ng3 Qxf3 36. Ref1 Bd6 37. Qd4 Qg4 38. Qf2
Bxg3 39. Rxg3 Qe2 40. Qxe2 Rxe2 41. Rf5 Re1+ 42. Ka2 c6 43. Rxh5+ Kg8 44.
Rc5 Re2 45. Rxc6 a4 46. Rg4 Rxc2 47. Rd4 Rg2 48. Rb6 Rc8 49. Rxb5 Rxg6 50.
Rb4 f5 51. Rb5 Rg2 52. Rf4 Rh2 53. Rfxf5 Rxh4 54. Rb4 Ra8 55. Rc5 Kh7 56.
Rcxc4 Rxc4 57. Rxc4 g5 58. Kb1 Kg6 59. Kc2 Kh5 60. Kd3 g4 61. Ke2 Kh4 62.
Kf1 Kh3 63. Rd4 Rb8 64. Rd2 g3 65. c4 Rf8+ 66. Kg1 Re8 67. Kf1 Rf8+ 68. Kg1
Re8 69. Kf1 Rf8+ 70. Kg1 Re8 1/2-1/2

[Event "WJun Girls"]
[Site "Yerevan ARM"]
[Date "2006.10.06"]
[Round "4"]
[White "Zhang Jilin"]
[Black "Aketaeva,D"]
[Result "1-0"]
[WhiteElo "2292"]
[BlackElo "2312"]
[EventDate "2006.10.03"]

1. e4 e6 2. d4 d5 3. Nc3 Bb4 4. e5 Qd7 5. a3 Bxc3+ 6. bxc3 b6 7. Qg4 f5 8.
exf6 Nxf6 9. Qh3 O-O 10. Nf3 Qa4 11. Bd3 e5 12. Bf5 Bxf5 13. Qxf5 exd4 14.
cxd4 Re8+ 15. Be3 Qa5+ 16. Nd2 Qb5 17. a4 Qd7 18. Qd3 Nc6 19. O-O Na5 20.
Bf4 Ne4 21. Nf3 Nc4 22. Ne5 Qf5 23. Nxc4 Qxf4 24. Ne5 c5 25. f3 Nf6 26. c3
Rac8 27. g3 Qh6 28. Rfe1 Qh3 29. a5 cxd4 30. cxd4 Re7 31. Rec1 bxa5 32. g4
Rce8 33. Rxa5 Qh4 34. Rca1 h5 35. Rxa7 hxg4 36. Rxe7 Rxe7 37. Ra8+ Re8 38.
Rxe8+ Nxe8 39. fxg4 Nf6 40. Qf5 Qe1+ 41. Kg2 Qe2+ 42. Kh3 Qe3+ 43. Nf3 Qc1
44. g5 Qf1+ 45. Kg3 Ne4+ 46. Kf4 Nd2 47. Qxd5+ Kh7 48. Qf5+ Kg8 49. Qe6+
Kh7 50. Qe3 Nxf3 51. Qxf3 Qc4 52. Qe3 Qc7+ 53. Kg4 Qc8+ 54. Kg3 Qb8+ 55.
Qf4 Qb1 56. Kg4 Qd1+ 57. Kh4 Qe1+ 58. Kh3 Qe6+ 59. Kg3 Qe1+ 60. Qf2 Qe4 61.
Qd2 Qb1 62. Qe3 Qb8+ 63. Qe5 Qb1 64. Kg4 Qd1+ 65. Kf5 Qf3+ 66. Qf4 Qd5+ 67.
Kg4 Qg2+ 68. Kh4 Qd5 69. Qe5 Qf3 70. g6+ 1-0

[Event "WJun Girls"]
[Site "Yerevan ARM"]
[Date "2006.10.06"]
[Round "4"]
[White "Sachdev,T"]
[Black "Topel,Z"]
[Result "1-0"]
[WhiteElo "2383"]
[BlackElo "2256"]
[EventDate "2006.10.03"]

1. d4 Nf6 2. c4 g6 3. Nf3 Bg7 4. g3 O-O 5. Bg2 d6 6. O-O Nbd7 7. Nc3 e5 8.
e4 c6 9. h3 Re8 10. Be3 exd4 11. Nxd4 Nc5 12. Qc2 a5 13. Rfe1 a4 14. Rad1
Qc7 15. f4 Bd7 16. Bf2 a3 17. b4 Ne6 18. Nf3 Nf8 19. Qd3 c5 20. bxc5 dxc5
21. e5 Bf5 22. Qf1 N6d7 23. Nb5 Qb6 24. Rd6 Qa5 25. Re3 f6 26. Rxa3 Qb4 27.
Rxa8 Rxa8 28. a3 Qa4 29. Nc7 fxe5 30. Nxa8 Qxa8 31. Ng5 h6 32. Bd5+ Kh8 33.
Nf7+ Kh7 34. g4 Bc2 35. Qe2 Qxa3 36. Qxc2 Qxh3 37. Qe2 Qc3 38. fxe5 Nxe5
39. Nxe5 Bxe5 40. Rb6 1-0

[Event "WJun Girls"]
[Site "Yerevan ARM"]
[Date "2006.10.06"]
[Round "4"]
[White "Kadziolka,B"]
[Black "Aghabekian,L"]
[Result "1/2-1/2"]
[WhiteElo "2346"]
[BlackElo "2179"]
[EventDate "2006.10.03"]

1. d4 Nf6 2. c4 g6 3. Nc3 Bg7 4. e4 d6 5. Nf3 O-O 6. h3 e5 7. d5 Nh5 8. Nh2
Qe8 9. Be2 Nf4 10. Bf3 f5 11. g3 Nxh3 12. Bg2 f4 13. Nf3 g5 14. Bxh3 g4 15.
Bg2 gxf3 16. Qxf3 Na6 17. Bh3 Nb4 18. Kd1 fxg3 19. Qxg3 Qh5+ 20. Ne2 Qg6
21. Qxg6 hxg6 22. Bxc8 Raxc8 23. Rf1 Rf7 24. Be3 Nd3 25. Kc2 Nf4 26. Kd2
Rff8 27. Nc1 Ng2 28. Ke2 Nf4+ 29. Kd2 Ng2 30. Ke2 1/2-1/2

[Event "WJun Girls"]
[Site "Yerevan ARM"]
[Date "2006.10.07"]
[Round "5"]
[White "Zhang Jilin"]
[Black "Harika,D"]
[Result "1/2-1/2"]
[WhiteElo "2292"]
[BlackElo "2353"]
[EventDate "2006.10.03"]

1. e4 c5 2. Nf3 Nc6 3. Bb5 g6 4. Bxc6 dxc6 5. d3 Bg7 6. h3 Nf6 7. Nc3 Nd7
8. O-O e5 9. Be3 Qe7 10. Qd2 Nf8 11. Nh2 Ne6 12. f4 exf4 13. Bxf4 Nxf4 14.
Qxf4 O-O 15. Rae1 Be5 16. Qh6 Be6 17. Nf3 Bg7 18. Qf4 Rae8 19. e5 Bd5 20.
Ne4 Bxe4 21. Rxe4 Qc7 22. Qe3 Re7 23. Nh2 Rfe8 24. Nf3 1/2-1/2

[Event "WJun Girls"]
[Site "Yerevan ARM"]
[Date "2006.10.07"]
[Round "5"]
[White "Muhren,B"]
[Black "Perez Rodriguez,Je"]
[Result "1-0"]
[WhiteElo "2336"]
[BlackElo "2250"]
[EventDate "2006.10.03"]

1. e4 e5 2. Nf3 Nc6 3. d4 exd4 4. Nxd4 Bc5 5. Nxc6 Qf6 6. Qf3 dxc6 7. Bc4
Qxf3 8. gxf3 Be6 9. Nd2 O-O-O 10. Rg1 g6 11. Bxe6+ fxe6 12. Nc4 Rf8 13. Ke2
Bd6 14. h3 Bf4 15. Be3 Ne7 16. Rad1 Rf7 17. Bxf4 Rxf4 18. Rg4 Rxg4 19. fxg4
g5 20. Ne5 Rg8 21. Rh1 Ng6 22. Nxg6 Rxg6 23. h4 Rh6 24. h5 e5 25. Rh3 Rf6
26. Ra3 Kb8 27. Ra5 Re6 28. f4 gxf4 29. g5 b6 30. Ra3 Re8 31. Kf3 Rg8 32.
Kg4 Kc8 33. Rd3 b5 34. g6 h6 35. Kf5 Rf8+ 36. Ke6 1-0

[Event "WJun Girls"]
[Site "Yerevan ARM"]
[Date "2006.10.07"]
[Round "5"]
[White "Topel,Z"]
[Black "Solic,K"]
[Result "1-0"]
[WhiteElo "2256"]
[BlackElo "2129"]
[EventDate "2006.10.03"]

1. d4 d5 2. Nf3 e6 3. c4 c6 4. e3 Bd6 5. Nc3 f5 6. g3 Nf6 7. Bg2 O-O 8. O-O
Ne4 9. Qc2 Nd7 10. b3 Rf6 11. Ne2 Rh6 12. Nd2 Qe8 13. Nxe4 dxe4 14. f3 Qh5
15. h3 exf3 16. Rxf3 Nf6 17. Nf4 Qe8 18. Rf2 g5 19. Ne2 Qh5 20. e4 fxe4 21.
Bxe4 Nxe4 22. Qxe4 Bd7 23. h4 Be7 24. Bxg5 Bxg5 25. hxg5 Qxg5 26. Rf4 Rg6
27. Raf1 Rg7 28. Qf3 Qe7 29. Nc3 Kh8 30. Ne4 e5 31. Rf8+ Rg8 32. Rf7 Qe6
33. Nc5 Qh6 34. Nxd7 1-0

[Event "WJun Girls"]
[Site "Yerevan ARM"]
[Date "2006.10.07"]
[Round "5"]
[White "Alaverdyan,L"]
[Black "Savurko,A"]
[Result "1-0"]
[WhiteElo "1954"]
[BlackElo "2168"]
[EventDate "2006.10.03"]

1. e4 c5 2. Nf3 Nc6 3. d4 cxd4 4. Nxd4 Nf6 5. Nc3 e6 6. Nxc6 bxc6 7. e5 Nd5
8. Ne4 Qc7 9. f4 Qb6 10. Bd3 f5 11. exf6 Nxf6 12. Qe2 Be7 13. c3 Rb8 14.
Nd2 d5 15. Nf3 O-O 16. Rb1 a5 17. Ne5 Bd6 18. Be3 Qc7 19. Bf2 Bxe5 20. fxe5
Nd7 21. O-O Rf7 22. Bd4 Nf8 23. Bc5 Bb7 24. Rxf7 Qxf7 25. Bd6 Rc8 26. Rf1
Qd7 27. Bxf8 Rxf8 28. Bxh7+ Kxh7 29. Rxf8 g6 30. Qf3 1-0

[Event "WJun Girls"]
[Site "Yerevan ARM"]
[Date "2006.10.07"]
[Round "5"]
[White "Videnova,I"]
[Black "Kadziolka,B"]
[Result "1/2-1/2"]
[WhiteElo "2141"]
[BlackElo "2346"]
[EventDate "2006.10.03"]

1. c4 e5 2. g3 Nf6 3. Bg2 c6 4. Nf3 e4 5. Nd4 d5 6. cxd5 Qxd5 7. Nc2 Qh5 8.
h3 Qg6 9. Nc3 Bd6 10. O-O O-O 11. d3 exd3 12. Qxd3 Qxd3 13. exd3 Na6 14.
Ne4 Be7 15. Bg5 Nd5 16. Bxe7 Nxe7 17. Nd6 Rd8 18. Nxc8 Raxc8 19. d4 Rd7 20.
Rfd1 Rcd8 21. Rd3 Nc7 22. Rad1 Ne6 23. Be4 f5 24. Bg2 Kf7 25. b4 Kf6 26. f4
Nc8 27. a4 Nb6 28. b5 Rd6 29. bxc6 bxc6 30. a5 Nc4 31. Rc3 Nxd4 32. Rxc4
Ne2+ 33. Kf2 Rxd1 34. Rxc6+ Kf7 35. Kxe2 R8d2+ 36. Kf3 Rd3+ 37. Kf2 R3d2+
38. Kf3 Rd3+ 39. Kf2 R3d2+ 1/2-1/2

[Event "WJun Girls"]
[Site "Yerevan ARM"]
[Date "2006.10.07"]
[Round "5"]
[White "Aketaeva,D"]
[Black "Darbinian,N"]
[Result "0-1"]
[WhiteElo "2312"]
[BlackElo "2079"]
[EventDate "2006.10.03"]

1. e4 d5 2. exd5 Qxd5 3. Nc3 Qa5 4. d4 Nf6 5. Bc4 c6 6. Nf3 Bf5 7. Bd2 e6
8. Nd5 Qd8 9. Nxf6+ gxf6 10. c3 Nd7 11. Nh4 Bg6 12. Qf3 Qc7 13. g3 Bd6 14.
O-O O-O-O 15. a4 Rhg8 16. a5 Kb8 17. a6 b6 18. b4 f5 19. Ng2 e5 20. b5 c5
21. Qb7+ Qxb7 22. axb7 cxd4 23. cxd4 exd4 24. Ra2 Kxb7 25. Bd5+ Kb8 26.
Rfa1 a5 27. bxa6 Ka7 28. Rb2 Nc5 29. f4 Bh5 30. Rab1 Bc7 31. Bc4 Bf3 32.
Bb4 Rb8 33. Rd2 Rgd8 34. Re1 Be4 35. g4 d3 36. Bxc5 bxc5 37. Bxf7 Ba5 0-1

[Event "WJun Girls"]
[Site "Yerevan ARM"]
[Date "2006.10.07"]
[Round "5"]
[White "Priya,P"]
[Black "Karavade,E"]
[Result "0-1"]
[WhiteElo "2128"]
[BlackElo "2321"]
[EventDate "2006.10.03"]

1. e4 c5 2. c3 d6 3. d4 Nf6 4. Bd3 Qc7 5. h3 g6 6. Nf3 Bg7 7. O-O O-O 8.
Re1 e5 9. dxe5 dxe5 10. Na3 Nc6 11. Nc4 Be6 12. Qc2 b5 13. Ne3 c4 14. Bf1
h6 15. Bd2 Rfd8 16. Rad1 Na5 17. Bc1 Nb7 18. Nh2 Nc5 19. Neg4 Nxg4 20. Nxg4
Kh7 21. Be3 Qc6 22. Bxc5 Qxc5 23. Ne3 h5 24. Rxd8 Rxd8 25. Rd1 Rxd1 26.
Qxd1 Bh6 27. Qf3 Kg7 28. h4 a5 29. a3 Qd6 30. Qe2 Qc5 31. g3 Kf8 32. Kh2
Bxe3 33. Qxe3 Qxe3 34. fxe3 Ke7 35. Bh3 Bxh3 36. Kxh3 f5 37. exf5 gxf5 38.
Kg2 Ke6 39. a4 bxa4 40. Kf2 Kd5 41. Kf3 a3 42. bxa3 a4 43. e4+ fxe4+ 44.
Ke3 Kd6 45. Kxe4 Ke6 46. Ke3 Kf5 47. Kf3 e4+ 48. Ke3 Kg4 49. Kxe4 Kxg3 50.
Kd4 Kxh4 51. Kxc4 Kg3 52. Kb5 h4 53. c4 h3 54. c5 h2 55. c6 h1=Q 56. Kb6
Qb1+ 57. Ka7 Qc1 0-1

[Event "WJun Girls"]
[Site "Yerevan ARM"]
[Date "2006.10.07"]
[Round "5"]
[White "Darbinyan,A"]
[Black "Rudolf,An"]
[Result "0-1"]
[WhiteElo "2102"]
[BlackElo "2265"]
[EventDate "2006.10.03"]

1. Nf3 e6 2. c4 Nf6 3. g3 d5 4. d4 Be7 5. Bg2 O-O 6. O-O dxc4 7. Qc2 a6 8.
Qxc4 b5 9. Qc2 Bb7 10. Bf4 Nd5 11. Ne5 f6 12. Nd3 Nc6 13. Be3 Nxe3 14. fxe3
Nb4 15. Nxb4 Bxg2 16. Kxg2 Bxb4 17. Qe4 Qd7 18. a3 Be7 19. Rc1 e5 20. b4
exd4 21. exd4 f5 22. Qd3 Bg5 23. Qb3+ Kh8 24. e3 Rae8 25. Rc3 f4 26. Nd2
fxe3 27. Nf3 Rxf3 28. Kxf3 Rf8+ 29. Ke2 Rf2+ 30. Kd1 Qg4+ 31. Kc1 e2+ 0-1

[Event "WJun Girls"]
[Site "Yerevan ARM"]
[Date "2006.10.07"]
[Round "5"]
[White "Arutyunova,D"]
[Black "Butskhrikidze,A"]
[Result "1-0"]
[WhiteElo "2362"]
[BlackElo "2001"]
[EventDate "2006.10.03"]

1. e4 c5 2. Nf3 d6 3. d4 cxd4 4. Nxd4 a6 5. Nc3 Nf6 6. Be3 Ng4 7. Bg5 h6 8.
Bh4 g5 9. Bg3 Bg7 10. h3 Ne5 11. f3 Nbc6 12. Bf2 Ng6 13. Qd2 Bd7 14. Nf5
Bxf5 15. exf5 Nh4 16. Nd5 Rc8 17. Bxh4 gxh4 18. f6 exf6 19. O-O-O O-O 20.
Ne3 Qa5 21. Qxa5 Nxa5 22. Nf5 Rcd8 23. Rd4 Kh7 24. Bd3 Kh8 25. Rxh4 Nc6 26.
Rd1 Ne5 27. Nxh6 Nxd3+ 28. Rxd3 Bxh6+ 29. Rxh6+ Kg7 30. Rh5 Rfe8 31. f4 Re4
32. g3 Rde8 33. Rhd5 Re1+ 34. Rd1 R1e3 35. R5d3 Rxd3 36. Rxd3 Rd8 37. g4 d5
38. Kd2 f5 39. Rd4 b5 40. b3 Kf6 41. c4 bxc4 42. bxc4 fxg4 43. hxg4 Rb8 44.
cxd5 Ke7 45. d6+ Kd7 46. Kd3 Rb2 47. a4 Rg2 48. g5 Rb2 49. Ke4 1-0

[Event "WJun Girls"]
[Site "Yerevan ARM"]
[Date "2006.10.07"]
[Round "5"]
[White "Dolgova,O"]
[Black "Sachdev,T"]
[Result "0-1"]
[WhiteElo "2259"]
[BlackElo "2383"]
[EventDate "2006.10.03"]

1. d4 Nf6 2. c4 e6 3. Nf3 b6 4. a3 Bb7 5. Nc3 d5 6. cxd5 Nxd5 7. Qc2 Be7 8.
Bd2 O-O 9. Rd1 Nxc3 10. Bxc3 Qd5 11. e3 Nd7 12. Bd3 Nf6 13. O-O Rfd8 14.
Ne1 Ne4 15. f3 Nxc3 16. Qxc3 c5 17. Be4 Qd7 18. Qc2 g6 19. Nd3 Bg5 20. Qe2
cxd4 21. Ne5 Qc7 22. exd4 Rac8 23. Kh1 Bf6 24. Bb1 Rd6 25. Qe3 Qd8 26. Rd2
Rc7 27. Rfd1 Bxe5 28. Qxe5 Rcd7 29. f4 Qh4 30. Kg1 Qg4 31. Qg5 Qxg5 32.
fxg5 e5 33. Kf2 exd4 34. Kg3 Kg7 35. Kf4 h6 36. gxh6+ Kxh6 37. h4 Re7 38.
Rxd4 Rf6+ 39. Kg3 Re3+ 40. Kh2 Rf2 41. R4d2 Ree2 42. Rxe2 Rxe2 43. b4 Rxg2+
44. Kh3 f5 45. Rd7 Bf3 46. Rd3 Rb2 47. Rxf3 Rxb1 48. Rd3 Kh5 49. Kg3 Rg1+
50. Kf2 Rg4 51. Rd7 Rxh4 52. Rxa7 Rc4 53. Rb7 Rc3 54. Rxb6 Rxa3 55. b5 g5
56. Rb8 Kg4 57. b6 Rb3 58. b7 Kf4 59. Ke2 g4 60. Ke1 g3 61. Ke2 g2 62. Rg8
Rxb7 63. Kf2 Rb2+ 64. Kg1 Ke4 65. Ra8 Re2 66. Rg8 f4 67. Rg7 f3 68. Re7+
Kd3 69. Rd7+ Kc2 70. Kh2 Re1 71. Rg7 Rh1+ 0-1